[Event "VIE-ch"]
[Site "Bac Giang"]
[Date "2016.06.22"]
[Round "2"]
[White "Vu, Quang Quyen"]
[Black "Dinh, Duc Trong"]
[Result "1-0"]
[WhiteElo "2034"]
[BlackElo "2347"]
[PlyCount "119"]
[EventDate "2016.06.22"]
[EventType "swiss"]
[EventRounds "9"]
[EventCountry "VIE"]
[SourceTitle "EXT 2017"]
[Source "ChessBase"]
[SourceDate "2016.10.25"]
[SourceVersion "1"]
[SourceVersionDate "2016.10.25"]
[SourceQuality "1"]

1. e4 g6 2. d4 Bg7 3. c4 d6 4. Nc3 e5 5. d5 Nd7 6. Be3 h5 7. Nge2 Bh6 8. Qd2 Bxe3 9. Qxe3 Ngf6 10. f3 h4 11. Nc1 Nh7 12. g3 Nhf6 13. Rg1 a5 14. Nd3 b6 15. Be2 Ba6 16. b3 Qe7 17. a4 Nc5 18. Nxc5 bxc5 19. Kd2 Kd7 20. Rh1 Kc8 21. Raf1 Kb7 22. f4 Rae8 23. f5 g5 24. Qxg5 Nxd5 25. f6 Nxc3 26. Kxc3 Qd7 27. g4 Ka7 28. Qd2 Rb8 29. Bd1 Rb4 30. Rf5 Qc6 31. Re1 Rhb8 32. Qa2 Qb6 33. Qa3 c6 34. Bc2 Bc8 35. Rg5 Qd8 36. Rf1 Be6 37. Qc1 d5 38. cxd5 cxd5 39. Rxe5 dxe4 40. Qd1 Qb6 41. Rxe6 Rxb3+ 42. Bxb3 Qb4+ 43. Kb2 fxe6 44. f7 c4 45. f8Q Rxf8 46. Rxf8 Qxf8 47. Qd4+ Kb8 48. Qb6+ Ka8 49. Qxa5+ Kb7 50. Qb5+ Ka7 51. Qxc4 Qf2+ 52. Qc2 Qd4+ 53. Ka2 e3 54. Bxe6 e2 55. Qxe2 Qxa4+ 56. Kb2 Qd4+ 57. Kc2 Kb6 58. Bf5 Qa4+ 59. Kd3 Qb3+ 60. Ke4 1-0